| 000 | 01025nam a22002657a 4500 | ||
|---|---|---|---|
| 001 | 3598 | ||
| 003 | FISKH | ||
| 005 | 20240322154446.0 | ||
| 008 | 240322b cb ||||| |||| 00| 0 eng d | ||
| 020 | _a12345694 | ||
| 040 |
_aFISKH _bkhr _cFISKH _dFISKH |
||
| 050 | _aPZ7 | ||
| 082 | _a133.8 | ||
| 100 | _aSyna Aoi | ||
| 245 | _aប្រជុំលំហាត់ជ្រើសរើស រូបវិទ្យា សម្រាប់ថ្នាក់ទី១២ / | ||
| 260 |
_aPhnom Penh : _bBak Touk 2, _c2016. |
||
| 300 |
_a266 pages : _c21 cm |
||
| 490 | _vភាគ១ | ||
| 520 | _aជាសៀវភៅចងក្រងលំហាត់ និងកំណែរូបវិទ្យាសម្រាប់ត្រៀមប្រលងថ្នាក់ទី១២។ | ||
| 520 | _aAn exercise book and a physics version for 12th grade exam preparation. | ||
| 650 | _aលំហាត់ រូបវិទ្យា | ||
| 650 | _a Physics Exercises | ||
| 942 |
_2ddc _cKHB _n0 |
||
| 999 |
_c3598 _d3598 |
||